<?xml version="1.0" encoding="UTF-8"?>
<record
    xmlns:xsi="http://www.w3.org/2001/XMLSchema-instance"
    xsi:schemaLocation="http://www.loc.gov/MARC21/slim http://www.loc.gov/standards/marcxml/schema/MARC21slim.xsd"
    xmlns="http://www.loc.gov/MARC21/slim">

  <leader>00303nam a22001097a 4500</leader>
  <datafield tag="100" ind1=" " ind2=" ">
    <subfield code="a">Kulasooriya,Udeshi</subfield>
    <subfield code="9">419</subfield>
  </datafield>
  <datafield tag="245" ind1=" " ind2=" ">
    <subfield code="a">Assesment on the quality of edible vegetable iols in the Sri lankan Market</subfield>
  </datafield>
  <datafield tag="260" ind1=" " ind2=" ">
    <subfield code="a">Colombo</subfield>
    <subfield code="b">Ichemc</subfield>
    <subfield code="c">2011</subfield>
  </datafield>
  <datafield tag="300" ind1=" " ind2=" ">
    <subfield code="a">23</subfield>
  </datafield>
  <datafield tag="650" ind1=" " ind2=" ">
    <subfield code="a">industrial chemistry</subfield>
    <subfield code="9">420</subfield>
  </datafield>
  <datafield tag="942" ind1=" " ind2=" ">
    <subfield code="c">DES</subfield>
  </datafield>
  <datafield tag="999" ind1=" " ind2=" ">
    <subfield code="c">3053</subfield>
    <subfield code="d">3053</subfield>
  </datafield>
  <datafield tag="952" ind1=" " ind2=" ">
    <subfield code="0">0</subfield>
    <subfield code="1">0</subfield>
    <subfield code="7">0</subfield>
    <subfield code="8">NFIC</subfield>
    <subfield code="a">IC</subfield>
    <subfield code="b">IC</subfield>
    <subfield code="c">FIC</subfield>
    <subfield code="d">2016-01-19</subfield>
    <subfield code="l">0</subfield>
    <subfield code="p">D0079</subfield>
    <subfield code="r">2016-01-19 00:00:00</subfield>
    <subfield code="w">2016-01-19</subfield>
    <subfield code="y">DIS</subfield>
  </datafield>
  <datafield tag="952" ind1=" " ind2=" ">
    <subfield code="0">0</subfield>
    <subfield code="1">0</subfield>
    <subfield code="7">0</subfield>
    <subfield code="8">NFIC</subfield>
    <subfield code="a">IC</subfield>
    <subfield code="b">IC</subfield>
    <subfield code="c">FIC</subfield>
    <subfield code="d">2016-01-19</subfield>
    <subfield code="l">0</subfield>
    <subfield code="p">D0094</subfield>
    <subfield code="r">2016-01-19 00:00:00</subfield>
    <subfield code="y">DIS</subfield>
  </datafield>
</record>
